Estadísticas para Países que contienen la letra P

Haz click aquí para intentar la prueba.

Estadísticas generales

  • Esta prueba ha sido intentada 891 veces
    (888 desde el último reinicio)
  • La puntuación promedio es 19 de 24

Estadísticas de respuestas

País% Correcto
Polonia
95%
Perú
93%
Portugal
93%
Pakistán
91%
Panamá
91%
Palaos
86%
Papúa Nueva Guinea
85%
Paraguay
85%
República Democrática del Congo
84%
República Dominicana
84%
República Checa
82%
Japón
79%
República Centroafricana
79%
Egipto
78%
España
78%
Países Bajos
72%
Filipinas
70%
Etiopía
68%
Nepal
67%
República del Congo
66%
Singapur
64%
República de Macedonia
63%
Santo Tomé y Príncipe
60%
Chipre
53%

Distribución de puntuación

Porcentaje por número respondido

Porcentaje de gente con cada puntuación

Historial de tus puntuaciones

No has intentado esta prueba desde el último reinicio